Freedom of thought : a history (Record no. 188358)

MARC details
000 -LEADER
fixed length control field 00608nam a2200205Ia 4500
008 - FIXED-LENGTH DATA ELEMENTS--GENERAL INFORMATION
fixed length control field 191130s2007##################000#0#eng##
020 ## - INTERNATIONAL STANDARD BOOK NUMBER
ISBN 9781591025191
082 ## - DEWEY DECIMAL CLASSIFICATION NUMBER
Classification number 323.44209 BUR
100 ## - MAIN ENTRY--AUTHOR NAME
Personal name Bury, J. B
245 ## - TITLE STATEMENT
Title Freedom of thought : a history
Statement of responsibility, etc J.B. Bury
260 ## - PUBLICATION, DISTRIBUTION, ETC. (IMPRINT)
Place of publication Amherst, NY
Name of publisher Prometheus Books
Year of publication c2007
300 ## - PHYSICAL DESCRIPTION
Number of Pages 199 p. ; 21 cm
500 ## - GENERAL NOTE
General note Includes bibliographical references (p. 191-193) and index
650 ## - SUBJECT ADDED ENTRY--TOPICAL TERM
Topical Term Thought and thinking - History
991 ## -
-- 150831
Holdings
Withdrawn status Lost status Damaged status Not for loan Home library Current library Shelving location Date acquired Full call number Accession Number Price effective from Koha item type
        Anna Centenary Library Anna Centenary Library 3RD FLOOR, B WING 13.10.2020 323.44209 BUR 426422 13.10.2020 English Books

Find us on the map